00720nam a2200241Ia 4500001000900000003000500009005001700014008004100031010001100072020002200083040000900105082002000114100001800134245015700152260003500309300001100344503000700355650001000362650001400372700003100386700003500417700002600452dia_5268CHAP20240819092554.0220117s2011 xx 000 0 und d a176177 a978-84-315-5151-3 cCHAP a641.23 P55 2011 aPilla, Simone aCervezas de todo el mundo : enciclopedia práctica /c Simone Pilla y Genny Vinci ; prólogo Alberto Benavides ; traducción Cristina Sala Carbonell aEspaña :b De Vecchi,c2011 a655 p. aC. 0aBeers aCerveza  aBenavides, Alberto, prol.  aSala, Carbonell, Cristina, tr. aVinci, Genny, coaut.